Akční umění /

Hlavní autor: Morganová, Pavlína, 1974-
Jazyk: Čeština
Vydáno: V Olomouci : J. Vacl, 2009
Vydání: 2., dopl. vyd.
Témata:
Fyzický popis: 277 s. : il. ; 21 cm
Knihy
Uloženo v:
LEADER 01396cam a2200433 a 4500
001 nkc20102094383
003 CZ PrNK
005 20250807103801.0
007 ta
008 100302s2009 xr a f 001 0 cze d
015 |a cnb002094383 
020 |a 978-80-904149-1-4  |q (brož.) 
035 |a (OCoLC)872336555 
040 |a KLG001  |b cze  |d OLA001  |d ABA001 
043 |a e-xr--- 
045 |a x6x9 
072 7 |a 72/76  |x Výtvarné umění  |2 Konspekt  |9 21 
080 |a 72/76(437.3)  |2 MRF 
080 |a 7.038.531  |2 MRF 
080 |a (437.3)  |2 MRF 
080 |a (048.8)  |2 MRF 
100 1 |a Morganová, Pavlína,  |d 1974-  |7 xx0000417  |4 aut 
245 1 0 |a Akční umění /  |c Pavlína Morganová 
250 |a 2., dopl. vyd. 
260 |a V Olomouci :  |b J. Vacl,  |c 2009 
300 |a 277 s. :  |b il. ;  |c 21 cm 
504 |a Obsahuje bibliografii a rejstřík 
648 7 |a 20. století  |7 ch460558  |2 czenas 
650 0 7 |a české umění  |7 ph128155  |y 20. století  |2 czenas 
650 0 7 |a akční umění  |7 ph118335  |z Česko  |2 czenas 
650 0 9 |a Czech art  |y 20th century  |2 eczenas 
650 0 9 |a action art  |z Czechia  |2 eczenas 
655 7 |a monografie  |7 fd132842  |2 czenas 
655 9 |a monographs  |2 eczenas 
910 2 |a BOA001  |b 2-1547.503 
928 9 |a Nakladatelství J. Vacl 
990 |a BK 
995 |a 01 
996 6 |b 2611010423  |c 2-1547.503  |l MZK  |r Sklad / do 1 hodiny  |n 0  |p dar  |w 002014420  |u 000010  |a 1  |e BOA001  |j MZK50  |s P